[Event "Heusenstamm Sparkassen op-A 9th"]
[Site "Heusenstamm"]
[Date "2023.11.24"]
[Round "2"]
[White "Gajcin, Jasmina"]
[Black "Graef, Jakob Vincent"]
[Result "1-0"]
[WhiteElo "1857"]
[BlackElo "1691"]
[PlyCount "57"]
[EventDate "2023.11.23"]
[EventType "swiss"]
[EventRounds "7"]
[EventCountry "GER"]
[SourceTitle "CBM 217 Extra"]
[Source "ChessBase"]
[SourceDate "2024.01.31"]
[SourceVersion "1"]
[SourceVersionDate "2024.01.31"]
[SourceQuality "1"]

1. e4 c6 2. d4 d5 3. Nc3 dxe4 4. Nxe4 Bf5 5. Ng3 Bg6 6. Nf3 Nd7 7. h4 h6 8. h5 Bh7 9. Bd3 Bxd3 10. Qxd3 Ngf6 11. Bd2 e6 12. 0-0-0 Bd6 13. Kb1 a5 14. Ne4 Nxe4 15. Qxe4 Nf6 16. Qe2 b5 17. Ne5 Qb6 18. Qf3 0-0 19. Bxh6 gxh6 20. Qxf6 Bxe5 21. Qxe5 Qd8 22. Rh3 Kh7 23. Qe4+ Kh8 24. Rg3 Qd5 25. Qf4 Kh7 26. Qf6 Rg8 27. Qxf7+ Kh8 28. Rg6 Qxh5 29. Rxg8+ 1-0

[Event "Rhein Main op-A 25th"]
[Site "Bad Homburg"]
[Date "2023.06.10"]
[Round "5"]
[White "Reimer, Otto"]
[Black "Graef, Jakob Vincent"]
[Result "0-1"]
[WhiteElo "1908"]
[BlackElo "1646"]
[PlyCount "94"]
[EventDate "2023.06.07"]
[EventType "swiss"]
[EventRounds "7"]
[EventCountry "GER"]
[SourceTitle "CBM 215 Extra"]
[Source "ChessBase"]
[SourceDate "2023.09.30"]
[SourceVersion "1"]
[SourceVersionDate "2023.09.30"]
[SourceQuality "1"]

1. e4 c6 2. d4 d5 3. e5 e6 4. Nf3 c5 5. c3 Nc6 6. Be2 cxd4 7. cxd4 Bb4+ 8. Nc3 Nge7 9. 0-0 Ng6 10. Bg5 Be7 11. Bxe7 Qxe7 12. Nb5 0-0 13. Bd3 a6 14. Nd6 Nh4 15. Nxc8 Raxc8 16. Nxh4 Qxh4 17. f4 g6 18. Bb1 Qe7 19. a3 Na5 20. b3 Rc3 21. b4 Nc4 22. Rf3 Rxf3 23. Qxf3 Rc8 24. Qf2 Qc7 25. Bd3 Nxa3 26. g4 Qc3 27. Rd1 Qxb4 28. f5 exf5 29. gxf5 Nc4 30. Qh4 Nxe5 31. Be2 gxf5 32. Qf6 Ng6 33. Qxf5 Rd8 34. Qg4 Qe7 35. Rd3 Qh4 36. Qg2 Qe4 37. Rf3 Qxd4+ 38. Kh1 Qe4 39. Bd3 Qe6 40. h4 Qe1+ 41. Kh2 Qxh4+ 42. Rh3 Qf4+ 43. Kh1 Re8 44. Rf3 Re1+ 45. Bf1 Qh4+ 46. Rh3 Qe4 47. Rf3 Kf8 0-1

[Event "Rhein Main op-A 25th"]
[Site "Bad Homburg"]
[Date "2023.06.08"]
[Round "3"]
[White "Korte, Markus"]
[Black "Graef, Jakob Vincent"]
[Result "1/2-1/2"]
[WhiteElo "1842"]
[BlackElo "1646"]
[PlyCount "171"]
[EventDate "2023.06.07"]
[EventType "swiss"]
[EventRounds "7"]
[EventCountry "GER"]
[SourceTitle "CBM 215 Extra"]
[Source "ChessBase"]
[SourceDate "2023.09.30"]
[SourceVersion "1"]
[SourceVersionDate "2023.09.30"]
[SourceQuality "1"]

1. e4 c6 2. d4 d5 3. exd5 cxd5 4. Bd3 Nf6 5. c3 e6 6. Bf4 Bd6 7. Bxd6 Qxd6 8. Nf3 0-0 9. Nbd2 Nc6 10. 0-0 e5 11. dxe5 Nxe5 12. Nxe5 Qxe5 13. Re1 Qc7 14. Qa4 Bd7 15. Qh4 Rfe8 16. Nf3 h6 17. Nd4 a6 18. Rad1 Qa5 19. Bb1 Qb6 20. Nb3 Bg4 21. Rc1 a5 22. h3 Bd7 23. Qd4 Qc7 24. Nc5 Rad8 25. Bc2 Ne4 26. Nxe4 dxe4 27. Rxe4 Be6 28. Qe3 Rd6 29. Re1 Red8 30. Qg3 Qb6 31. R4e2 Rd2 32. Qh4 Qxb2 33. Qxd8+ Rxd8 34. Bh7+ Kxh7 35. Rxb2 Rd7 36. Re5 b6 37. Rxb6 Bxa2 38. Rxa5 Be6 39. Rc5 Rd1+ 40. Kh2 Rc1 41. Rc7 Rc2 42. Kg3 Kg6 43. Kf3 Kf5 44. Rc5+ Kf6 45. h4 g6 46. Rd6 h5 47. Ke3 Kg7 48. Rc7 Kf6 49. Rd2 Rc1 50. g3 Kg7 51. Rd6 Kf6 52. Kd2 Rf1 53. Ke2 Rc1 54. c4 Ke5 55. c5 Bg4+ 56. Ke3 Rxc5 57. Rxc5+ Kxd6 58. Ra5 Ke6 59. Kf4 Kf6 60. Ra6+ Kg7 61. Ke5 Be2 62. Ra7 Bf3 63. Kf4 Be2 64. f3 Bd1 65. g4 hxg4 66. fxg4 Be2 67. Kg5 Bd3 68. h5 gxh5 69. gxh5 Bc4 70. Rb7 Bd5 71. Rc7 Bb3 72. Rc3 Ba2 73. Rh3 Be6 74. h6+ Kh7 75. Rh4 Bb3 76. Rb4 Bd5 77. Rh4 Bb3 78. Rh3 Be6 79. Rh2 Bb3 80. Kf6 Bd5 81. Rh3 Be6 82. Rh4 Bb3 83. Rg4 Be6 84. Rg7+ Kxh6 85. Rxf7 Bxf7 86. Kxf7 1/2-1/2

[Event "Heusenstamm Sparkassen op-B 7th"]
[Site "Heusenstamm"]
[Date "2021.11.19"]
[Round "3.39"]
[White "Graef, Jakob Vincent"]
[Black "Merz, Leander1"]
[Result "1-0"]
[WhiteElo "1557"]
[BlackElo "1268"]
[PlyCount "83"]
[EventDate "2021.11.18"]
[EventType "swiss"]
[EventRounds "7"]
[EventCountry "GER"]
[SourceTitle "EXT 2023"]
[Source "ChessBase"]
[SourceDate "2022.10.05"]
[SourceVersion "1"]
[SourceVersionDate "2022.10.05"]
[SourceQuality "1"]

1. e4 c5 2. Nf3 d6 3. Bc4 Nf6 4. d3 Nc6 5. Bg5 Bg4 6. Nbd2 Bxf3 7. Nxf3 b5 8. Bb3 Qb6 9. 0-0 g6 10. Bxf6 exf6 11. c3 Bg7 12. Re1 0-0 13. Qd2 Rfe8 14. Rad1 Rad8 15. h3 a5 16. a3 Rd7 17. d4 Rde7 18. dxc5 dxc5 19. Bc2 Rd8 20. Qf4 Ne5 21. Nxe5 fxe5 22. Qg5 f6 23. Qe3 Red7 24. Rxd7 Rxd7 25. Bb3+ Kh8 26. Bd5 f5 27. f3 f4 28. Qf2 Bf6 29. g3 fxg3 30. Qxg3 c4+ 31. Kg2 b4 32. Qg4 Rc7 33. axb4 axb4 34. cxb4 Qxb4 35. Qe6 Kg7 36. Re2 c3 37. bxc3 Qxc3 38. Qg8+ Kh6 39. Qf8+ Bg7 40. Qd8 g5 41. h4 Qc1 42. f4 1-0

[Event "Hessen-chB"]
[Site "Frankfurt"]
[Date "2019.06.02"]
[Round "7"]
[White "John, Volkmar"]
[Black "Graef, Jakob Vincent"]
[Result "1-0"]
[WhiteElo "1654"]
[BlackElo "1574"]
[PlyCount "97"]
[EventDate "2019.05.30"]
[EventType "swiss"]
[EventRounds "7"]
[EventCountry "GER"]
[SourceTitle "EXT 2020"]
[Source "ChessBase"]
[SourceDate "2019.10.17"]
[SourceVersion "1"]
[SourceVersionDate "2019.10.17"]
[SourceQuality "1"]

1. d4 c6 2. c4 d5 3. Nf3 Nf6 4. Nc3 e6 5. Bg5 Nbd7 6. e3 Bb4 7. cxd5 exd5 8. Bd3 h6 9. Bh4 Qa5 10. Qc2 0-0 11. 0-0 Bxc3 12. bxc3 c5 13. Rab1 c4 14. Bf5 b5 15. Rb4 a6 16. Rfb1 Qa3 17. Qb2 Qxb2 18. R4xb2 g5 19. Bg3 Nb6 20. Bc2 Bd7 21. Bc7 Na4 22. Bxa4 bxa4 23. Ne5 Bb5 24. f3 h5 25. Bd6 Rfe8 26. Bc5 Nh7 27. g4 Kg7 28. gxh5 Nf6 29. Rg2 Nh7 30. Kf2 Re6 31. h4 f6 32. Ng6 Rae8 33. Re1 Kh6 34. hxg5+ Nxg5 35. Nf4 Rc6 36. Nxd5 Nh3+ 37. Kg3 Ng5 38. e4 Rce6 39. Nf4 Rc6 40. Kf2 a5 41. Ba3 Rc7 42. Bc1 Bd7 43. Nd5 Rc6 44. Reg1 Kxh5 45. Bxg5 fxg5 46. Rxg5+ Kh6 47. f4 Kh7 48. Rh1+ Rh6 49. Nf6+ 1-0

[Event "Hessen-chB"]
[Site "Frankfurt"]
[Date "2019.05.30"]
[Round "1"]
[White "Zalewski, Ulrich"]
[Black "Graef, Jakob Vincent"]
[Result "1-0"]
[WhiteElo "1793"]
[BlackElo "1574"]
[PlyCount "109"]
[EventDate "2019.05.30"]
[EventType "swiss"]
[EventRounds "7"]
[EventCountry "GER"]
[SourceTitle "EXT 2020"]
[Source "ChessBase"]
[SourceDate "2019.10.17"]
[SourceVersion "1"]
[SourceVersionDate "2019.10.17"]
[SourceQuality "1"]

1. e4 c6 2. d4 d5 3. exd5 cxd5 4. Bd3 Qc7 5. Ne2 e6 6. Bf4 Bd6 7. Bxd6 Qxd6 8. c3 Nf6 9. Qa4+ Nc6 10. Qa3 Qxa3 11. Nxa3 a6 12. 0-0 0-0 13. f4 Bd7 14. Nc2 Ne7 15. Ne3 Bb5 16. Bxb5 axb5 17. Ng3 Nc6 18. a3 Na5 19. Rfe1 Nc4 20. Re2 g6 21. Nd1 Nd6 22. Nf2 h5 23. h4 Nc4 24. Rae1 b6 25. Nf1 Kg7 26. Kh2 Nd6 27. Nd2 Nf5 28. g3 Nd6 29. Kg2 Nf5 30. Nf3 Rfd8 31. Ng5 Nd6 32. Kf3 Nf5 33. Nd3 Ng4 34. Ne5 Nxe5+ 35. fxe5 Rf8 36. Kg2 Ra7 37. Rf2 Rc7 38. Ree2 Ra7 39. Rf4 Rh8 40. Nf3 Nh6 41. Nh2 Nf5 42. Nf1 Rc7 43. Ne3 Re8 44. Kf3 Ra7 45. Rh2 Rc7 46. g4 Nxh4+ 47. Ke2 g5 48. Rf1 hxg4 49. Nxg4 Nf5 50. Rg1 Kg6 51. Nf6 Ra8 52. Rhg2 Kg7 53. Rxg5+ Kf8 54. Rg8+ Ke7 55. Rxa8 1-0

[Event "Bad Soden U14 op 5th"]
[Site "Bad Soden"]
[Date "2018.10.02"]
[Round "6.3"]
[White "Lorenz, Alexander1"]
[Black "Graef, Jakob Vincent"]
[Result "0-1"]
[WhiteElo "1748"]
[BlackElo "1520"]
[PlyCount "110"]
[EventDate "2018.09.30"]
[EventType "swiss"]
[EventRounds "7"]
[EventCountry "GER"]
[SourceTitle "EXT 2020"]
[Source "ChessBase"]
[SourceDate "2019.10.17"]
[SourceVersion "1"]
[SourceVersionDate "2019.10.17"]
[SourceQuality "1"]

1. e4 c6 2. d4 d5 3. Nc3 dxe4 4. Nxe4 Bf5 5. Ng3 Bg6 6. h4 h6 7. Nf3 Nd7 8. h5 Bh7 9. Bd3 Bxd3 10. Qxd3 Ngf6 11. c3 e6 12. Be3 Bd6 13. Ne4 Nxe4 14. Qxe4 Nf6 15. Qc2 Qc7 16. 0-0-0 0-0-0 17. Kb1 Nd5 18. Nd2 Bf4 19. Bxf4 Qxf4 20. Nc4 Qc7 21. g3 f6 22. Rde1 Rde8 23. Qb3 Nb6 24. Nxb6+ Qxb6 25. Rxe6 Qxb3 26. Rxe8+ Rxe8 27. axb3 Re2 28. Rf1 Kd7 29. g4 Ke6 30. f3 a5 31. Kc1 b5 32. c4 Kd6 33. Rd1 Re3 34. d5 Rxb3 35. c5+ Kd7 36. d6 Re3 37. Kd2 Re5 38. Re1 Rd5+ 39. Ke3 Rxc5 40. Kf4 Kxd6 41. Re8 Rc2 42. Rg8 Rxb2 43. Rxg7 a4 44. Kf5 a3 45. Kg6 a2 46. Ra7 b4 47. Kxh6 b3 48. Kg7 Rh2 49. h6 Rxh6 50. Kxh6 b2 51. Rxa2 b1Q 52. Rd2+ Ke7 53. Kg7 Qb3 54. Re2+ Kd7 55. Kxf6 Qxf3+ 0-1

[Event "Hessen-chB"]
[Site "Frankfurt"]
[Date "2018.05.11"]
[Round "4"]
[White "Azizov, Fariz"]
[Black "Graef, Jakob Vincent"]
[Result "0-1"]
[WhiteElo "1593"]
[BlackElo "1468"]
[PlyCount "70"]
[EventDate "2018.05.10"]
[EventType "swiss"]
[EventRounds "7"]
[EventCountry "GER"]
[SourceTitle "EXT 2019"]
[Source "ChessBase"]
[SourceDate "2018.10.10"]
[SourceVersion "1"]
[SourceVersionDate "2018.10.10"]
[SourceQuality "1"]

1. d4 c6 2. c4 d5 3. Nf3 Nf6 4. Nc3 e6 5. Bg5 Nbd7 6. e3 Qa5 7. Qd2 Bb4 8. Bxf6 Nxf6 9. Bd3 dxc4 10. Bc2 0-0 11. 0-0 c5 12. a3 Bxc3 13. bxc3 cxd4 14. exd4 b5 15. a4 Bb7 16. axb5 Qxb5 17. Ne5 Qd5 18. f3 a5 19. Ba4 Rfc8 20. Rfb1 Ba6 21. Rb6 Qd8 22. Rab1 Nd5 23. R6b2 Qd6 24. Bd7 Rd8 25. Bc6 Rac8 26. Bxd5 Qxd5 27. Rb6 Qxe5 28. Rxa6 Qf5 29. Rd1 Rb8 30. Qa2 Rb3 31. Rxa5 Qf4 32. Ra8 Rxa8 33. Qxa8+ Rb8 34. Qa5 Qe3+ 35. Kf1 g6 0-1

[Event "Heusenstamm Sparkassen op-B 4th"]
[Site "Heusenstamm"]
[Date "2017.11.25"]
[Round "5"]
[White "Graef, Jakob Vincent"]
[Black "Samy AS, Anthoni"]
[Result "0-1"]
[WhiteElo "1476"]
[BlackElo "1098"]
[PlyCount "152"]
[EventDate "2017.11.23"]
[EventType "swiss"]
[EventRounds "7"]
[EventCountry "GER"]
[SourceTitle "EXT 2019"]
[Source "ChessBase"]
[SourceDate "2018.10.10"]
[SourceVersion "1"]
[SourceVersionDate "2018.10.10"]
[SourceQuality "1"]

1. f4 Nf6 2. Nf3 d5 3. d4 e6 4. e3 c5 5. c3 c4 6. Be2 b5 7. Nbd2 Nbd7 8. 0-0 Bd6 9. Ne5 0-0 10. Ndf3 h6 11. b3 Nb6 12. Nc6 Qc7 13. Nfe5 Bb7 14. Na5 Ne4 15. Bb2 Nd7 16. b4 Nb6 17. Bf3 Na4 18. Bxe4 dxe4 19. Qc2 f6 20. Ng4 h5 21. Nf2 f5 22. Nh3 Be7 23. Rab1 g6 24. Qf2 Bd5 25. Qg3 Kg7 26. Rfc1 Qd8 27. Qf2 Bh4 28. g3 Be7 29. Qe2 Rh8 30. Nf2 h4 31. g4 g5 32. gxf5 exf5 33. h3 Kf7 34. Kf1 Qg8 35. fxg5 Qxg5 36. Ke1 Bd6 37. Kd2 f4 38. Kc2 fxe3 39. Ng4 Bf4 40. Rf1 Ke6 41. Bc1 Rhf8 42. Bxe3 Rf7 43. Ne5 Rf6 44. Bxf4 Rxf4 45. Rxf4 Qxf4 46. Rf1 Qg3 47. Qd2 Rh8 48. Nf7 Qd3+ 49. Qxd3 exd3+ 50. Kd2 Rf8 51. Ng5+ Ke7 52. Rxf8 Kxf8 53. Nh7+ Kg7 54. Ng5 Kg6 55. Ne6 Bxe6 56. Nc6 Bxh3 57. Ne5+ Kf5 58. Nf3 Kg4 59. Ne5+ Kg3 60. d5 Kf2 61. d6 Nb6 62. Ng6 Kg3 63. a3 Nc8 64. Nxh4 Kxh4 65. a4 bxa4 66. b5 Nxd6 67. b6 axb6 68. Ke1 Kg3 69. Kd2 Kf2 70. Kd1 Bg4+ 71. Kd2 Ne4+ 72. Kc1 d2+ 73. Kb2 d1Q 74. Ka2 Qc2+ 75. Ka1 Qxc3+ 76. Ka2 a3 0-1

[Event "Bad Soden U14 op"]
[Site "Bad Soden"]
[Date "2017.10.03"]
[Round "9"]
[White "Graef, Jakob Vincent"]
[Black "Mueller, Maurice Pascal"]
[Result "1/2-1/2"]
[WhiteElo "1268"]
[BlackElo "1403"]
[PlyCount "156"]
[EventDate "2017.09.30"]
[EventType "swiss"]
[EventRounds "9"]
[EventCountry "GER"]
[SourceTitle "EXT 2019"]
[Source "ChessBase"]
[SourceDate "2018.10.10"]
[SourceVersion "1"]
[SourceVersionDate "2018.10.10"]
[SourceQuality "1"]

1. f4 c5 2. Nf3 Nc6 3. b3 g6 4. Bb2 Nf6 5. e3 Bg7 6. Nc3 0-0 7. Be2 d6 8. 0-0 e5 9. d3 exf4 10. exf4 Be6 11. Qd2 Nd5 12. Rae1 Qa5 13. Nxd5 Qxd2 14. Nxd2 Bxb2 15. Nc7 Rad8 16. Nxe6 fxe6 17. Bg4 e5 18. fxe5 Rxf1+ 19. Rxf1 Nxe5 20. Be6+ Kg7 21. Nc4 Bd4+ 22. Kh1 Rf8 23. Rxf8 Kxf8 24. Bd5 Ng4 25. h3 Nf2+ 26. Kh2 b6 27. Kg3 Nd1 28. Kf4 Nc3 29. Be4 Nxe4 30. Kxe4 Ke7 31. g4 Ke6 32. a4 h6 33. Nd2 d5+ 34. Kf4 Bf6 35. Nf3 g5+ 36. Kg3 Be5+ 37. Kg2 a6 38. Kf2 Bf4 39. h4 b5 40. axb5 axb5 41. h5 d4 42. Ne1 Kd5 43. Ng2 Bc1 44. Ke2 c4 45. Kd1 Ba3 46. Kd2 Bd6 47. Kd1 Kc5 48. Kc1 Kb4 49. bxc4 bxc4 50. Ne1 Kc3 51. dxc4 Kxc4 52. Nd3 Kd5 53. Kd2 Ke4 54. Ke2 Bg3 55. Nc5+ Kf4 56. Ne6+ Kxg4 57. Nxd4 Kxh5 58. Kf3 Bb8 59. c4 g4+ 60. Kg2 Kg5 61. c5 h5 62. Ne2 h4 63. c6 h3+ 64. Kh1 Kf5 65. Kg1 Ke4 66. Kh1 Ke3 67. Ng1 h2 68. Nf3 g3 69. Nxh2 Kf4 70. Nf1 Kg4 71. Kg2 Kh4 72. Nxg3 Bxg3 73. Kf3 Bc7 74. Ke4 Kg4 75. Kd5 Kf5 76. Kc5 Ke5 77. Kb5 Kd5 78. Ka6 Kxc6 1/2-1/2

[Event "Bad Soden U14 op"]
[Site "Bad Soden"]
[Date "2017.10.01"]
[Round "4"]
[White "Graef, Jakob Vincent"]
[Black "Wisniewski, Niklas Lorenz"]
[Result "1-0"]
[WhiteElo "1268"]
[BlackElo "1031"]
[PlyCount "33"]
[EventDate "2017.09.30"]
[EventType "swiss"]
[EventRounds "9"]
[EventCountry "GER"]
[SourceTitle "EXT 2019"]
[Source "ChessBase"]
[SourceDate "2018.10.10"]
[SourceVersion "1"]
[SourceVersionDate "2018.10.10"]
[SourceQuality "1"]

1. f4 d5 2. Nf3 Bg4 3. h3 Bh5 4. g4 Bg6 5. f5 Bxf5 6. gxf5 Nf6 7. e3 Qd6 8. Rg1 Nbd7 9. Nc3 Ne5 10. b3 0-0-0 11. Bb2 g6 12. Nb5 Nxf3+ 13. Qxf3 Qb6 14. Bd4 Qa5 15. Nxa7+ Kb8 16. Bd3 b6 17. Nc6+ 1-0

[Event "Hessen-ch U10"]
[Site "Bad Homburg"]
[Date "2015.03.27"]
[Round "1"]
[White "Papadopoulos, Leon"]
[Black "Graef, Jakob Vincent"]
[Result "0-1"]
[WhiteElo "911"]
[BlackElo "754"]
[PlyCount "76"]
[EventDate "2015.03.27"]
[EventType "swiss"]
[EventRounds "7"]
[EventCountry "GER"]
[SourceTitle "EXT 2017"]
[Source "ChessBase"]
[SourceDate "2016.10.25"]
[SourceVersion "1"]
[SourceVersionDate "2016.10.25"]
[SourceQuality "1"]

1. e4 e5 2. Nf3 Nc6 3. Bc4 Bc5 4. c3 Nf6 5. d3 0-0 6. 0-0 d6 7. Bg5 h6 8. Bh4 g5 9. Bxg5 hxg5 10. Nxg5 Ng4 11. h3 Qxg5 12. hxg4 Bxg4 13. Qe1 Bh3 14. g3 Bxf1 15. Qxf1 Qxg3+ 16. Kh1 Bxf2 17. Qg2 Qxg2+ 18. Kxg2 Bh4 19. Nd2 Kh7 20. Rh1 Rg8+ 21. Kf1 Rg4 22. d4 exd4 23. Be2 Rf4+ 24. Bf3 Rg8 25. Ke2 Rg3 26. Nf1 Rgxf3 27. Nh2 Re3+ 28. Kd1 Rf2 29. Ng4 Rd3+ 30. Kc1 Kg6 31. Rg1 Re2 32. Ne5+ Kf6 33. Nxd3 Re3 34. Rf1+ Ke7 35. Nf2 Bxf2 36. Rxf2 Rxe4 37. cxd4 Rxd4 38. Re2+ Kd7 0-1